Diane Lane Filmography - Statistics

General Stats
  • This quiz has been taken 37 times
    6 since last reset
  • The average score is 64 of 109
Answer Stats
Type Year Name % Correct
Film 2002 Unfaithful
100%
Film 1979 A Little Romance
80%
Film 1981 Cattle Annie and Little Britches
80%
Web Series 2018 House of Cards
80%
Film 1995 Judge Dredd
80%
Film 2020 Let Him Go
80%
Film 2005 Must Love Dogs
80%
Film 2008 Nights in Rodanthe
80%
Film 1983 Rumble Fish
80%
Film 1984 Streets of Fire
80%
Film 1983 The Outsiders
80%
Film 2000 The Perfect Storm
80%
Film 2003 Under the Tuscan Sun
80%
Theater 1977 Agamemnon
60%
Web Mini-Series 2024 A Man in Full
60%
Film 2025 Anniversary
60%
TV Film 1995 A Streetcar Named Desire
60%
Theater 1971-1976 As You Like It
60%
Film 1999 A Walk on the Moon
60%
Film 2016 Batman v Superman: Dawn of Justice
60%
Documentary 2012 Casting By
60%
Film 1992 Chaplin
60%
TV Film 1981 Child Bride of Short Creek
60%
TV Film 2011 Cinema Verite
60%
TV Film 1990 Descending Angel
60%
Web Mini-Series 2024 Dream Productions
60%
Theater 1971-1976 Electra
60%
Film 2014 Every Secret Thing
60%
Web Mini-Series 2023 Extrapolations
60%
TV Show 1993 Fallen Angels
60%
TV Show 2024 Feud
60%
Film 2005 Fierce People
60%
TV Film 1998 Grace & Glorie
60%
TV Show 1981 Great Performances
60%
Film 1998 Gunshy
60%
Documentary 2012 Half the Sky
60%
Film 2001 Hardball
60%
Film 2006 Hollywoodland
60%
Film 1993 Indian Summer
60%
Film 2015 Inside Out
60%
Film 2024 Inside Out 2
60%
Film 1996 Jack
60%
Film 2008 Jumper
60%
Film 2017 Justice League
60%
Film 2009 Killshot
60%
Film 1992 Knight Moves
60%
Film 1982 Ladies and Gentlemen, The Fabulous Stains
60%
Film 1987 Lady Beware
60%
TV Mini-Series 1989 Lonesome Dove
60%
Film 1996 Mad Dog Time
60%
Film 2013 Man of Steel
60%
Film 2017 Mark Felt: The Man Who Brought Down the White House
60%
TV Film 1982 Miss All-American Beauty
60%
Film TBA Moral Capacity
60%
Film 1997 Murder at 1600
60%
Film 2000 My Dog Skip
60%
Film 1992 My New Gun
60%
Film 1982 National Lampoon's Movie Madness
60%
Music Video 1984 Nowhere Fast
60%
TV Film 1994 Oldest Living Confederate Widow Tells All
60%
Film 2017 Paris Can Wait
60%
Film 1988 Princess Beauty
60%
Short Film 2015 Riley's First Date?
60%
Theater 1978-1979 Runaways
60%
Documentary 2002 Searching for Debra Winger
60%
Film 2010 Secretariat
60%
Film 2019 Serenity
60%
Film 1982 Six Pack
60%
Theater 2012 Sweet Bird of Youth
60%
Film 1987 The Big Town
60%
Theater 1976-1977, 2016 The Cherry Orchard
60%
Film 1984 The Cotton Club
60%
Film 2001 The Glass House
60%
Theater 1971-1976 The Good Woman of Szechuan
60%
Theater 2015 The Mystery of Love and Sex
60%
Film 1997 The Only Thrill
60%
Web Series 2018 The Romanoffs
60%
Film 1992 The Setting Sun
60%
Theater 1971-1976 The Trojan Women
60%
TV Film 2000 The Virginian
60%
Film 1980 Touched by Love
60%
Film 2015 Trumbo
60%
Film 2018 Tully
60%
Theater 1989-1990 Twelfth Night
60%
Film 2008 Untraceable
60%
Short Film 2007 Vanity Fair: Killers Kill, Dead Men Die
60%
Film 1990 Vital Signs
60%
Film 1995 Wild Bill
60%
Web Series 2021 Y: The Last Man
60%
TV Film 2021 Zack Snyder's Justice League
60%
Documentary Mini-Series 2021 Amend: The Fight for America
40%
Documentary Series 2004 Biography
40%
Theater 1971-1976 Blood Wedding
40%
Documentary Mini-Series 2001 Cool Women in History
40%
Documentary Series 2005 Getaway
40%
Documentary Series 2002 Intimate Portrait
40%
TV Special 2013 James Gandolfini: Tribute to a Friend
40%
TV Documentary 1991 Lonesome Dove: The Making of an Epic
40%
Documentary 2013 Penny & Red: The Life of Secretariat's Owner
40%
Short Documentary 2003 Remembering Romance with Diane Lane
40%
TV Special 2009 Streisand: Live in Concert
40%
Documentary 2018 The Other End of the Earth
40%
Theater 1971-1976 The Silver Queen
40%
TV Show 1983, 1990 The Tonight Show Starring Johnny Carson
40%
Documentary 2007 Why Be Good? Sexuality & Censorship in Early Cinema
40%
TV Special 2025 AFI Life Achievement Award: A Tribute to Francis Ford Coppola
20%
TV Special 2014 AFI Life Achievement Award: A Tribute to Jane Fonda
20%
Commercial 1989-1994 Hino Cruising Ranger
20%
Commercial 2007-2013 Neutrogena
20%
No matching quizzes found
Score Distribution
Percent of People with Each Score
Percentile by Number Answered
Your Score History
You have not taken this quiz since the last reset